Capitais dos Países da América do Norte, América Central, e Caribe - Statistics

Estatísticas Gerais
  • Esse quiz foi jogado 688 vezes
    678 desde o último reset
  • A pontuação média é 16 de 23
Estatísticas das Respostas
País Capital % Correto
México Cidade do México
98%
Estados Unidos Washington DC
98%
Canadá Otawa
96%
Cuba Havana
94%
Panamá Cidade do Panamá
90%
El Salvador San Salvador
84%
Jamaica Kingston
81%
Nicarágua Manágua
78%
Guatemala Cidade da Guatemala
77%
Haiti Porto Príncipe
77%
Costa Rica San José
74%
Honduras Tegucigalpa
73%
Bahamas Nassau
69%
Repúplica Dominicana Santo Domingo
69%
Belize Belmopan
61%
Trinidad e Tobago Port of Spain
58%
São Vicente e Granadinas Kingstown
53%
Antígua e Barbuda Saint John's
51%
Santa Lúcia Castries
49%
Granada Saint George's
48%
Barbados Bridgetown
47%
Dominica Roseau
47%
São Cristóvão e Nevis Basseterre
43%
Nenhum quiz correspondente encontrado
Distribuição das Pontuações
Porcentagem de Pessoas com Cada Pontuação
Percentil de Números Respondidos
Sua Pontuação Histórica
Você não jogou esse quiz desde o último reset